00962nam a2200265 a 450000100060000000300090000600800410001502000180005604000280007404100080010210000180011024501820012825000110031026000310032130000220035249000200037450001050039465000290049965000110052865000330053965000600057265000220063270000210065470000210067525797CO-ViMGA141112s2004 ck r 000 u spa d a9789588787404 aCO-ViMGAbspacCO-ViMGA aSPA1 aEdginton, Ian10aEl valle del miedo / cadaptación de Ia novela original de Sir Arthur Conan Doyle ; ilustraciones I.N.J. Culbard ; guión adaptado Ian Edginton ; traducción Sergio Colomino a1a ed. aBogotá : bNorma, c2013 a128 p. : il. col. aSherlock Holmes aTítulo original : The Valley of fear. Adaptación de la novela original de Sir Arthur Conan Doyle14aADAPTACIONES LITERARIAS 14aCOMICS14aDETECTIVES - NOVELA GRAFICA 14aHOLMES, SHERLOCK (PERSONAJE FICTICIO) - NOVELA GRAFICA 14aNOVELA POLICIACA 1 aColomino, Sergio1 aCulbard, I.N.J.